<?xml version="1.0" encoding="UTF-8"?>
<marc:record xmlns:marc="http://www.loc.gov/MARC21/slim">
   <marc:leader>00000nam a2200000 a 4500</marc:leader>
   <marc:datafield ind1="1" ind2=" " tag="100">
      <marc:subfield code="a">Bedel, Paul</marc:subfield>
      <marc:subfield code="4">aut</marc:subfield>
      <marc:subfield code="e">Verfasser/-in</marc:subfield>
   </marc:datafield>
   <marc:datafield ind1="1" ind2=" " tag="100">
      <marc:subfield code="a">Liebl, Elisabeth</marc:subfield>
      <marc:subfield code="4">trl</marc:subfield>
      <marc:subfield code="e">Übersetzer/-in</marc:subfield>
   </marc:datafield>
   <marc:datafield ind1="1" ind2=" " tag="100">
      <marc:subfield code="a">Bedel, Paul</marc:subfield>
   </marc:datafield>
   <marc:datafield ind1=" " ind2=" " tag="653">
      <marc:subfield code="a">Bauer</marc:subfield>
   </marc:datafield>
   <marc:datafield ind1=" " ind2=" " tag="653">
      <marc:subfield code="a">9</marc:subfield>
   </marc:datafield>
   <marc:datafield ind1=" " ind2=" " tag="653">
      <marc:subfield code="a">Erlebnisbericht</marc:subfield>
   </marc:datafield>
   <marc:datafield ind1="0" ind2="0" tag="245">
      <marc:subfield code="a">"Meine Kühe sind hübsch, weil sie Blumen fressen"</marc:subfield>
   </marc:datafield>
   <marc:datafield ind1="0" ind2="0" tag="245">
      <marc:subfield code="b">vom Reichtum des einfachen Lebens</marc:subfield>
   </marc:datafield>
   <marc:datafield ind1="0" ind2="0" tag="245">
      <marc:subfield code="c">Paul Bedel. Mit Catherine École-Boivin. Aus dem Franz. von Elisabeth Liebl</marc:subfield>
   </marc:datafield>
   <marc:datafield ind1=" " ind2="1" tag="264">
      <marc:subfield code="a">München</marc:subfield>
      <marc:subfield code="b">Dt. Taschenbuch-Verl.</marc:subfield>
      <marc:subfield code="c">2011</marc:subfield>
   </marc:datafield>
   <marc:datafield ind1="1" ind2=" " tag="490">
      <marc:subfield code="a">dtv</marc:subfield>
      <marc:subfield code="v">24871 : Premium</marc:subfield>
   </marc:datafield>
   <marc:datafield ind1=" " ind2=" " tag="250">
      <marc:subfield code="a">Dt. Erstausg.</marc:subfield>
   </marc:datafield>
   <marc:datafield ind1="1" ind2=" " tag="520">
      <marc:subfield code="a">Angaben aus der Verlagsmeldung

»Ich brauche wenig, um glücklich zu sein« : Vom Reichtum des einfachen Lebens Testament d'un paysan en voie de disparition / von Paul Bedel

Paul Bedel entf&amp;uuml;hrt uns in eine Lebenswelt, wie sie heute kaum mehr zu finden ist: Auf anr&amp;uuml;hrende Weise erz&amp;auml;hlt er von seinem Leben als einfacher Bauer, seiner Achtung vor der Natur, von seinen K&amp;uuml;hen, die alle einen Namen hatten, der zu ihrem Charakter passte, von seinem Gem&amp;uuml;se, das er nie mit Pestiziden behandelte, von der Freude am Angeln und dem Genuss des Fischessens. Bedel l&amp;auml;sst den Leser aber auch an seinen Gedanken &amp;uuml;ber das Leben, die Liebe und das Universum teilhaben und er&amp;ouml;ffnet ihm tiefe Einblicke in seine Seele. Bedel betrachtet die Welt voller Humor und Weisheit und vermittelt uns so ein Gef&amp;uuml;hl f&amp;uuml;r die Stimme der Erde, die Sch&amp;ouml;nheit und Wildheit des Meeres sowie f&amp;uuml;r die gro&amp;szlig;e Stille, die wir in unserer modernen Welt kaum noch wahrnehmen k&amp;ouml;nnen.
</marc:subfield>
   </marc:datafield>
   <marc:datafield ind1=" " ind2=" " tag="020">
      <marc:subfield code="a">9783423248716</marc:subfield>
      <marc:subfield code="9">9783423248716</marc:subfield>
   </marc:datafield>
   <marc:datafield ind1=" " ind2=" " tag="041">
      <marc:subfield code="a">ger</marc:subfield>
   </marc:datafield>
   <marc:datafield ind1=" " ind2=" " tag="300">
      <marc:subfield code="a">237 S.</marc:subfield>
   </marc:datafield>
</marc:record>
